LEADER 00931nam0-22003371--450- 001 990008776560403321 005 20081210101251.0 020 $aIT$b6111310 035 $a000877656 035 $aFED01000877656 035 $a(Aleph)000877656FED01 035 $a000877656 100 $a20081210d1960----km-y0itay50------ba 101 0 $alat 102 $aIT 105 $ay-------001yy 200 1 $aBreviarium iuris missionalis 205 $aEditio secunda valde aucta 210 $aRomae$cOfficium libri catholici$d1960 215 $aIX, 320 p.$d26 cm 225 1 $aBibliotheca missionalis$v4 300 $aIn testa al front.: Xaverius Paventi 676 $a266$v16$zita 700 1$aPaventi,$bSaverio M$0504207 801 0$aIT$bUNINA$gRICA$2UNIMARC 901 $aBK 912 $a990008776560403321 952 $aIII M 3a$b65799$fFGBC 959 $aFGBC 996 $aBreviarium iuris missionalis$9810027 997 $aUNINA LEADER 00935nam0-22002891i-450- 001 990000018330403321 035 $a000001833 035 $aFED01000001833 035 $a(Aleph)000001833FED01 035 $a000001833 100 $a20011111d--------km-y0itay50------ba 101 0 $aita 105 $ay-------001yy 200 1 $aEstrazioni con solventi e raffinazione degli oli vegetali$escissione, distillazione, raffinazione, rigenerazioneacidi grassi, sottoprodotti$fUmberto Morini. 210 $aTorino$cG. Lavagnolo$d1952 215 $a176 p.$cill.$d25 cm 610 0 $aOlii vegetali$aEstrazione con solventi 676 $a665.3 700 1$aMorini,$bUmberto$0331329 801 0$aIT$bUNINA$gRICA$2UNIMARC 901 $aBK 912 $a990000018330403321 952 $a13 B 17 16$b21025$fFINBC 959 $aFINBC 996 $aEstrazioni con solventi e raffinazione degli oli vegetali$9106674 997 $aUNINA DB $aING01